000 00595nam a2200133Ia 4500
008 171212s9999 xx 000 0 und d
020 _a9780833037046
100 _aCragin, Kim;Gerwehr, Scott
245 _cCragin, Kim;Gerwehr, Scott
_aDissuading Terror
_bStrategic Influence and the Struggle Against Terrorism
260 _bRAND Corporation
_c2005
650 _aPolitical Science
650 _aTerrorism; Terrorism -- United States -- Prevention; United States -- Strategic aspects; United States -- Foreign relations; United States -- Influence
856 _uwww.jstor.org/stable/10.7249/mg184rc
999 _c351959
_d351959